| 000 | 00409nam a2200169Ia 4500 | ||
|---|---|---|---|
| 001 | 37802 | ||
| 005 | 20240114001945.0 | ||
| 007 | ta | ||
| 008 | 070619s a g b000 u u | ||
| 082 |
_a821.9109 _bV 234 C |
||
| 100 | _aValency, M . | ||
| 245 | 0 |
_aThe cart of the Trumpet / _cM Valency. _hTextual Documents |
|
| 300 | _bill ; | ||
| 653 | _aEnglish Literature | ||
| 942 |
_2ddc _cBK |
||
| 999 |
_c37778 _d37778 |
||